Robinson Crusoe (dramatická montáž na motivy románu) /
Uloženo v:
| Hlavní autor: | |
|---|---|
| Další autoři: | , |
| Médium: | E-audiokniha |
| Jazyk: | Czech |
| Vydáno: |
Praha :
Supraphon Records,
p1995
|
| Edice: | Za dobrodružstvím
|
| Témata: | |
| Tagy: |
Žádné tagy |
| LEADER | 02312cjm a2200565 i 4500 | ||
|---|---|---|---|
| 001 | 313199 | ||
| 003 | CZ PrSKC | ||
| 005 | 20260601215737.0 | ||
| 007 | sd fsngnnmmned | ||
| 008 | 970522p19951985xr nnnnc fd cze | ||
| 015 | |a cnb000775515 | ||
| 024 | 1 | |a 099925506926 | |
| 028 | 0 | 1 | |a SU 5069-2 811 |b Supraphon |
| 040 | |a ABA001 |b cze |d ABA001 |d OLA001 | ||
| 041 | 1 | |d cze |h eng | |
| 072 | 7 | |a 821.111-3 |x Anglická próza, anglicky psaná |2 Konspekt | |
| 072 | 7 | |a 821-93 |x Literatura pro děti a mládež (beletrie) |2 Konspekt | |
| 080 | |a 821.111-31 |2 MRF | ||
| 080 | |a (0:82-311.3) |2 MRF | ||
| 080 | |a (0.046.6)681.85 |2 MRF | ||
| 080 | |a (086.76) |2 MRF | ||
| 080 | |a (086.7.053.2) |2 MRF | ||
| 100 | 1 | |a Fuchs, Jan, |d 1930-2007 |7 jk01032133 |4 aut |4 drt | |
| 245 | 1 | 0 | |a Robinson Crusoe |h [zvukový záznam] : |b (dramatická montáž na motivy románu) / |c Daniel Defoe - Jan Fuchs |
| 260 | |a Praha : |b Supraphon Records, |c p1995 | ||
| 300 | |a 1 zvuková deska (78:53) : |b digital, stereo ; |c 12 cm | ||
| 306 | |a 011853 | ||
| 490 | 1 | |a Za dobrodružstvím | |
| 500 | |a Původní fonogramu Supraphon p1985 | ||
| 500 | |a Kompaktní deska (AAD) | ||
| 508 | |a Režie Jan Fuchs ; hudba Vladimír Pelc | ||
| 511 | 0 | |a Jiří Adamíra (vypravěč) a další | |
| 655 | 7 | |a anglické romány |7 fd131814 |2 czenas | |
| 655 | 7 | |a dobrodružné romány |7 fd132061 |2 czenas | |
| 655 | 4 | |a adaptace (zvukové záznamy) | |
| 655 | 7 | |a kompaktní disky |7 fd201991 |2 czenas | |
| 655 | 7 | |a zvukové záznamy pro děti a mládež |7 fd186726 |2 czenas | |
| 655 | 9 | |a English fiction |2 eczenas | |
| 655 | 9 | |a adventure novels |2 eczenas | |
| 655 | 9 | |a compact discs |2 eczenas | |
| 655 | 9 | |a juvenile sound recordings |2 eczenas | |
| 700 | 1 | 2 | |a Defoe, Daniel, |d asi 1661-1731. |t Robinson Crusoe. |l Česky |7 aun2007419933 |
| 700 | 1 | |a Adamíra, Jiří, |d 1926-1993 |7 jk01010102 |4 prf | |
| 830 | 0 | |a Za dobrodružstvím | |
| 900 | |a OLA001 |b 17 | ||
| 044 | |a xr | ||
| 505 | 0 | 0 | |t Robinson Crusoe (1 hod., 18 min., 50 sek.) |
| 910 | |a RBIT002 | ||
| 998 | |d 393750 |a https://core.palmknihy.cz/api/books/393750/cover?sh1c66 |b https://core.palmknihy.cz/api/books/393750/cover/400?sh1c66 |c https://core.palmknihy.cz/api/books/393750/cover/50?sh1c66 |e 2099-01-01 |i 099925506926 |l 4734 |q 49 |r 1 |s https://www.palmknihy.cz/kniha/393750 |t audiobook |y 1995 |z 0 | ||
| 999 | |d 313197 | ||